000 00838nac a22002411u 4500
008 100914t2007 nyj|||||r|||| 001 0 eng d
010 _a 2006017888
020 _a0134328817
020 _a9780134328812
035 _a(OCoLC)ocm69734534
035 _a(OCoLC)69734534
082 0 0 _a629.89
_bREH
_222
100 _aRehg, James A.
_919071
245 1 0 _aProgrammable Logic Controllers /
_cJames A. Rehg, Glenn J. Sartori.
260 _aUpper Saddle River, N.J. :
_bPrentice Hall, 2007
_cc2007.
300 _axvii, 606 p. :
_bill. ;
_c27 cm. +
_e1 CD-ROM (4 3/4 in.)
500 _aIncludes index.
650 0 _aProgrammable controllers.
_919072
653 _bEle
700 1 _aSartori, Glenn J.
_919073
856 4 1 _3Table of contents
_uhttp://www.loc.gov/catdir/toc/ecip0614/2006017888.html
942 _cBB
_k629.89 REH
_2ddc
999 _c1953
_d1953